| 000 | 00734nam a2200289Ia 4500 | ||
|---|---|---|---|
| 008 | 170711s9999 xx 000 0 und d | ||
| 020 | _a9781846270703 | ||
| 050 | _a628.3 | ||
| 050 | _bG347 2008 | ||
| 100 | _aGeorge, Rose | ||
| 245 | 4 | _aThe big necessity : | |
| 245 | _badventures in the world of human waste / | ||
| 245 | _cby Rose George. | ||
| 260 | _aLondon : | ||
| 260 | _bPortobello, | ||
| 260 | _c2008 | ||
| 300 | _a326 pages : | ||
| 300 | _billustrations ; | ||
| 300 | _c19cm. | ||
| 500 | _aIncludes filmography and index. | ||
| 650 | _aSanitary & municipal engineering. | ||
| 650 | _aSewage -- | ||
| 650 | _aSewage disposal. | ||
| 650 | _aSewage. | ||
| 650 | _xSocial aspects. | ||
| 700 | _aTitle. | ||
| 999 |
_c340015 _d340015 |
||